000 00975nam0a22002531 4500
001 rc\885934
005 20260407011305.0
035 _a(NLR Aleph) 006062995
090 _a4929025
_c4929025
100 _a20041129d1983 |||y0rusy50 ca
101 0 _arus
102 _aRU
105 _aa |||||||||
200 1 _aГидродинамические вопросы бионики
_eСб. науч. тр.
_fАН УССР, Ин-т гидромеханики
_g[Редкол.: Г.В. Логвинович (отв. ред.) и др.]
210 _aКиев
_cНаукова думка
_d1983
215 _a119 с.
_cил.
_d20
320 _aБиблиогр. в конце ст.
702 1 _aЛогвинович
_bГ.В.
_gГеоргий Владимирович
_4340
712 0 2 _aИнститут гидромеханики
_cКиев
_3RU\NLR\AUTH\889998609
_9494618
801 0 _aRU
_bNLR
_gpsbo
801 1 _aRU
_bELAR
_2rusmarc
852 _aNLR
_j84-3/1645
942 _cBOOK
980 _aNB